| 000 | 00477nam a2200157Ia 4500 | ||
|---|---|---|---|
| 008 | 220216s9999 xx 000 0 und d | ||
| 100 | _aPremakumari D. | ||
| 245 | 0 | _aClonal variability for stomatal characters and its application in Hevea breeding and selection | |
| 260 |
_bIndian Journal of Agricultural Science _c1979 |
||
| 300 | _a411-413 | ||
| 650 | _aClone evaluation | ||
| 650 | _aStomatal character | ||
| 700 | _aAnnamma Y. | ||
| 700 | _aNair V.K.B. | ||
| 942 | _cBS | ||
| 999 |
_c49157 _d49157 |
||